Bilecik Bilecik Bilecik Bilecik Bilecik

ESRUC bildirileri ; Anadolu'nun zirvesinde "1. Kış Zirvesi" : (Record no. 39028)

MARC details
000 -BAŞLIK
Sabit Uzunluktaki Kontrol Alanı 01339nam a22003617a 4500
001 - KONTROL NUMARASI
Control Dosyası 0039150
003 - KONTROL NUMARASI KİMLİĞİ
Kontrol Alanı KOHA_MİRAKIL
005 - EN SON İŞLEM TARİHİ ve ZAMANI
Kontrol Alanı 20260207003121.0
007 - FİZİKSEL TANIM SABİT ALAN - GENEL BİLGİ
Sabit uzunluklu kontrol alanı ta
008 - SABİT UZUNLUKTAKİ VERİ ÖGELERİ - GENEL BİLGİ
Sabit Alan 121226b2012 tu a|||grt|||#0|||0|tur |
020 ## - ISBN - ULUSLARARASI STANDART KİTAP NUMARASI
Isbn 9789754421859
040 ## - KATALOGLAMA KAYNAĞI
Özgün Kataloglama Kurumu TR-BiSEU
Kataloglama Dili tur
Çeviri Kurumu TR-BiSEU
Açıklama Kuralları rda
041 0# - DİL KODU
Metin ya da ses kaydının dil kodu tur
044 ## - YAYINLAYAN/ÜRETEN KURULUŞUN ÜLKE KODU
ISO country code tu
050 ## - SINIFLAMA ve YER NUMARASI
Sınıflama Numarası G155.5
Yer Numarası .A6 2012
245 1# - ESER ADI BİLDİRİMİ
Başlık ESRUC bildirileri ; Anadolu'nun zirvesinde "1. Kış Zirvesi" :
Alt Eseradı vb. Turizm, spor, biyoçeşitlilik ve küresel değişimler üzerine işbirliği çalışmaları, 23-26 Şubat/
Sorumluluk Bildirimi editörler Sebahattin Tüzemen, Ali Çağlar Güllüce..
246 ## - DEĞİŞİK BAŞLIK FORMU
Başlık uygun / kısa başlık Anadolu'nun zirvesinde Kış Zirvesi
Number of part/section of a work (1st: Erzurum)
264 #1 - ÜRERİM, YAYIN, DAĞITIM ve TELİF BİLDİRİMİ
Yayın yeri Erzurum :
Yayınlayan Atatürk Üniversitesi
Yayın tarihi 2012
300 ## - FİZİKSEL TANIMLAMA
Sayfa, Cilt vb. 2 pts. in 1. :
Diğer fiziki detaylar ill. ;
Boyutları 28 cm. (2 pts. in 1. 304 p.,304 p.)
336 ## - İÇERİK TÜRÜ
Content type term metin
Content type code txt
Source rdacontent
337 ## - MEDYA TÜRÜ
Media type term aracısız
Media type code n
Source rdamedia
338 ## - TAŞIYICI TÜRÜ
Carrier type term cilt
Carrier type code nc
Source rdacarrier
650 #0 - KONU BAŞLIĞI EK GİRİŞ - KONU TERİMİ
Konusal terim veya coğrafi ad Tourism.
9 (RLIN) 16948
650 #0 - KONU BAŞLIĞI EK GİRİŞ - KONU TERİMİ
Konusal terim veya coğrafi ad Globalization.
9 (RLIN) 8441
650 #0 - KONU BAŞLIĞI EK GİRİŞ - KONU TERİMİ
Konusal terim veya coğrafi ad Winter sports--Turkey.
9 (RLIN) 72902
650 #0 - KONU BAŞLIĞI EK GİRİŞ - KONU TERİMİ
Konusal terim veya coğrafi ad Sports and globalization.
9 (RLIN) 72903
650 #0 - KONU BAŞLIĞI EK GİRİŞ - KONU TERİMİ
Konusal terim veya coğrafi ad Sports--Social aspects.
9 (RLIN) 62504
650 #0 - KONU BAŞLIĞI EK GİRİŞ - KONU TERİMİ
Konusal terim veya coğrafi ad Sports and globalization--Economic aspects.
9 (RLIN) 72904
650 #0 - KONU BAŞLIĞI EK GİRİŞ - KONU TERİMİ
Konusal terim veya coğrafi ad Sports--Economic aspects--Turkey.
9 (RLIN) 72905
650 #0 - KONU BAŞLIĞI EK GİRİŞ - KONU TERİMİ
Konusal terim veya coğrafi ad Sports sponsorship.
9 (RLIN) 72906
907 ## - LOCAL DATA ELEMENT G, LDG (RLIN)
a Bildiri
942 ## - EK GİRİŞ ÖGELERİ (KOHA)
Source of classification or shelving scheme Library of Congress Classification
Koha item type Book
Holdings
Materyal Türü Kalıcı Konum Mevcut Konum Raf Yeri Sınıflandırma Kaynağı Edinim Bilgisi Ana Konular Alt Konular Yer Numarası Demirbaş Numarası Fatura Tarihi Geri Çekilme Durumu Kayıp Durumu Hasarlı Durumu Kredi için değil Kayıt Tarih Toplam Ödünçverme Son Görülme Tarihi Son Kontrol Tarihi Genel / Bağış Notu
Book Prof. Dr. Azmi Özcan Kütüphanesi Prof. Dr. Azmi Özcan Kütüphanesi Uluğbey Salonu Library of Congress Classification Bağış COĞRAFYA, ANTROPOLOJİ, REKREASYON Coğrafya (Genel), Atlaslar, Haritalar G155.5 .A6 2012 0039150 02/02/2026         26/12/2012 1 05/12/2024 05/12/2024 Genel Bağış